Cāmi'ül-Fürs/ (Record no. 66325)
| 000 -BAŞLIK | |
|---|---|
| Sabit Uzunluktaki Kontrol Alanı | 01686nam a22004097a 4500 |
| 001 - KONTROL NUMARASI | |
| Control Dosyası | 0065942 |
| 003 - KONTROL NUMARASI KİMLİĞİ | |
| Kontrol Alanı | KOHA_MİRAKIL |
| 005 - EN SON İŞLEM TARİHİ ve ZAMANI | |
| Kontrol Alanı | 20260207004622.0 |
| 007 - FİZİKSEL TANIM SABİT ALAN - GENEL BİLGİ | |
| Sabit uzunluklu kontrol alanı | ta |
| 008 - SABİT UZUNLUKTAKİ VERİ ÖGELERİ - GENEL BİLGİ | |
| Sabit Alan | 210225b2006 tu |||gr||||#0|||1|eng | |
| 040 ## - KATALOGLAMA KAYNAĞI | |
| Özgün Kataloglama Kurumu | TR-BiSEU |
| Kataloglama Dili | tur |
| Çeviri Kurumu | TR-BiSEU |
| Açıklama Kuralları | rda |
| 041 0# - DİL KODU | |
| Metin ya da ses kaydının dil kodu | eng |
| -- | ota |
| 044 ## - YAYINLAYAN/ÜRETEN KURULUŞUN ÜLKE KODU | |
| ISO country code | tu |
| 050 ## - SINIFLAMA ve YER NUMARASI | |
| Sınıflama Numarası | PK6381.T8 |
| Yer Numarası | C36 2006 |
| 100 0# - KİŞİ ADI | |
| Yazar Adı (Kişi adı) | Aḥmed el-Bardahī el-Āmidī. |
| 245 1# - ESER ADI BİLDİRİMİ | |
| Başlık | Cāmi'ül-Fürs/ |
| Sorumluluk Bildirimi | Aḥmed el-Bardahī el-Āmidī ; Şeyh Imām el-Bardahī ; hazırlayan Hatice Şahin. |
| 264 #1 - ÜRERİM, YAYIN, DAĞITIM ve TELİF BİLDİRİMİ | |
| Yayın yeri | [Cambridge, MA] : |
| Yayınlayan | Harvard Üniversitesi Yakındoğu Dilleri ve Medeniyetleri Bölümü |
| Yayın tarihi | 2006 |
| 300 ## - FİZİKSEL TANIMLAMA | |
| Sayfa, Cilt vb. | 2 cilt ; |
| Boyutları | 28 cm. |
| 336 ## - İÇERİK TÜRÜ | |
| Content type term | metin |
| Content type code | txt |
| Source | rdacontent |
| 337 ## - MEDYA TÜRÜ | |
| Media type term | aracısız |
| Media type code | n |
| Source | rdamedia |
| 338 ## - TAŞIYICI TÜRÜ | |
| Carrier type term | cilt |
| Carrier type code | nc |
| Source | rdacarrier |
| 490 1# - DİZİ BİLDİRİMİ | |
| Dizi Bildirimi | Doğu dilleri ve edebiyatlarının kaynakları ; |
| Cilt Numarası | 75-76. |
| 490 1# - DİZİ BİLDİRİMİ | |
| Dizi Bildirimi | Türkçe kaynaklar ; |
| Cilt Numarası | 65-66 = |
| Dizi Bildirimi | Sources of Oriental languages and literatures ; |
| Cilt Numarası | 75-76. |
| 490 1# - DİZİ BİLDİRİMİ | |
| Dizi Bildirimi | Turkish sources ; |
| Cilt Numarası | 65-66 |
| 500 ## - GENEL NOT | |
| Genel Not | c. 1. İnceleme-metin = Introduction and textual edition |
| 500 ## - GENEL NOT | |
| Genel Not | c. 2. Dizin ve tıpkıbasım = Index and facsimile. |
| 500 ## - GENEL NOT | |
| Genel Not | Kaynakça ve dizin var. |
| 650 #0 - KONU BAŞLIĞI EK GİRİŞ - KONU TERİMİ | |
| Konusal terim veya coğrafi ad | Fars dili--Gramer. |
| 9 (RLIN) | 61978 |
| 650 #0 - KONU BAŞLIĞI EK GİRİŞ - KONU TERİMİ | |
| Konusal terim veya coğrafi ad | Fars dili--Ansiklopediler ve sözlükler--Türkçe. |
| 9 (RLIN) | 124188 |
| 650 #0 - KONU BAŞLIĞI EK GİRİŞ - KONU TERİMİ | |
| Konusal terim veya coğrafi ad | Persian language--Dictionaries--Turkish. |
| 9 (RLIN) | 61098 |
| 650 #0 - KONU BAŞLIĞI EK GİRİŞ - KONU TERİMİ | |
| Konusal terim veya coğrafi ad | Persian language--Grammar. |
| 9 (RLIN) | 61977 |
| 830 1# - SERİ EK GİRİŞİ - TEKBİÇİM ESER ADI | |
| Tekbiçim Başlık | Doğu dilleri ve edebiyatlarının kaynakları ; |
| Volume number/sequential designation | 75-76. |
| 9 (RLIN) | 85097 |
| 830 1# - SERİ EK GİRİŞİ - TEKBİÇİM ESER ADI | |
| Tekbiçim Başlık | Türkçe kaynaklar ; |
| Volume number/sequential designation | 65-66 = |
| Tekbiçim Başlık | Sources of Oriental languages and literatures ; |
| Volume number/sequential designation | 75-76. |
| 9 (RLIN) | 124189 |
| 830 1# - SERİ EK GİRİŞİ - TEKBİÇİM ESER ADI | |
| Tekbiçim Başlık | Turkish sources ; |
| Volume number/sequential designation | 65-66 |
| 9 (RLIN) | 124190 |
| 907 ## - LOCAL DATA ELEMENT G, LDG (RLIN) | |
| a | Edebiyat |
| 942 ## - EK GİRİŞ ÖGELERİ (KOHA) | |
| Source of classification or shelving scheme | Library of Congress Classification |
| Koha item type | Book |
| Materyal Türü | Kalıcı Konum | Mevcut Konum | Raf Yeri | Sınıflandırma Kaynağı | Edinim Bilgisi | Ana Konular | Alt Konular | Yer Numarası | Cilt Bilgisi | Demirbaş Numarası | Fatura Tarihi | Geri Çekilme Durumu | Kayıp Durumu | Hasarlı Durumu | Kredi için değil | Kayıt Tarih | Toplam Ödünçverme | Son Görülme Tarihi | Son Kontrol Tarihi | Genel / Bağış Notu |
|---|---|---|---|---|---|---|---|---|---|---|---|---|---|---|---|---|---|---|---|---|
| Book | Prof. Dr. Azmi Özcan Kütüphanesi | Prof. Dr. Azmi Özcan Kütüphanesi | Birûni Salonu | Library of Congress Classification | Bağış | DİL VE EDEBİYAT | Hint-İran Dilleri ve Edebiyatları | PK6381.T8 C36 2006 | c.1 | 0065942 | 02/02/2026 | 25/02/2021 | 05/03/2025 | 05/03/2025 | Millet Kütüphanesi [Cumhurbaşkanlığı Külliyesi] | |||||
| Book | Prof. Dr. Azmi Özcan Kütüphanesi | Prof. Dr. Azmi Özcan Kütüphanesi | Birûni Salonu | Library of Congress Classification | Bağış | DİL VE EDEBİYAT | Hint-İran Dilleri ve Edebiyatları | PK6381.T8 C36 2006 | c.2 | 0065943 | 02/02/2026 | 25/02/2021 | 05/03/2025 | 05/03/2025 | Millet Kütüphanesi [Cumhurbaşkanlığı Külliyesi] |
